000 00286nam a22001337a 4500
008 170302b xxu||||| |||| 00| 0 eng d
020 _a9780321732507
041 _aeng
080 _a575
100 _aSHM
101 _aSHM
245 _aGENETIC ANALYSIS
_cSANDERS.M.F
942 _2udc
_cBK
999 _c6585
_d6585